| 000 | 00402nam a22001577a 4500 | ||
|---|---|---|---|
| 020 | _a9780070408494 | ||
| 040 | _cNUST | ||
| 082 | _a620 MAR | ||
| 100 |
_aMartin, Mike W. _937133 |
||
| 110 |
_aSchinzinger, Roland _9113210 |
||
| 245 | _aEthics in Engineering | ||
| 250 | _a3rd Edition | ||
| 260 |
_aNew York: _bMcGraw-Hill, _c1996. |
||
| 650 |
_aEthics in Engineering _9113211 |
||
| 942 |
_2ddc _cBK |
||
| 999 |
_c594969 _d594969 |
||